Design and technology (Record no. 17561)
[ view plain ]
| 000 -LEADER | |
|---|---|
| fixed length control field | 00340nam a22001457a 4500 |
| 003 - CONTROL NUMBER IDENTIFIER | |
| control field | OSt |
| 008 - FIXED-LENGTH DATA ELEMENTS--GENERAL INFORMATION | |
| fixed length control field | 221021b |||||||| |||| 00| 0 eng d |
| 041 ## - LANGUAGE CODE | |
| Language code of text/sound track or separate title | eng |
| 082 ## - DEWEY DECIMAL CLASSIFICATION NUMBER | |
| Classification number | 621.815 |
| Item number | YAR/DE |
| 100 ## - MAIN ENTRY--AUTHOR NAME | |
| Personal name | Yarwood,A |
| -- | Orme,A.H |
| 245 ## - TITLE STATEMENT | |
| Title | Design and technology |
| 260 ## - PUBLICATION, DISTRIBUTION, ETC. (IMPRINT) | |
| Name of publisher | Hodder and Stoughton |
| Year of publication | London |
| 300 ## - PHYSICAL DESCRIPTION | |
| Number of Pages | 160 |
| 942 ## - ADDED ENTRY ELEMENTS (KOHA) | |
| Koha item type | Books |
| Withdrawn status | Lost status | Damaged status | Home library | Current library | Date acquired | Full call number | Accession Number | Koha item type |
|---|---|---|---|---|---|---|---|---|
| KAUAET | KAUAET | 21/10/2022 | 621.815 YAR/DE | 15752 | Books |
